Welcome to CU Library Online Public Access Catalogue (OPAC)

Beginning database design : (Record no. 925)

MARC details
000 -LEADER
fixed length control field 00672cam a2200217 i 4500
001 - CONTROL NUMBER
control field 18100313
005 - DATE AND TIME OF LATEST TRANSACTION
control field 20241108171117.0
008 - FIXED-LENGTH DATA ELEMENTS--GENERAL INFORMATION
fixed length control field 140402s2012 nyua b 001 0 eng
020 ## - INTERNATIONAL STANDARD BOOK NUMBER
International Standard Book Number 9781430242093 (pbk)
020 ## - INTERNATIONAL STANDARD BOOK NUMBER
Canceled/invalid ISBN 9781430242109 (electronic)
050 00 - LIBRARY OF CONGRESS CALL NUMBER
Classification number QA76.9.D26
Item number C48 2012
082 00 - DEWEY DECIMAL CLASSIFICATION NUMBER
Classification number 005.74/3
Edition information 23
100 1# - MAIN ENTRY--PERSONAL NAME
Personal name Churcher, Clare.
245 10 - TITLE STATEMENT
Title Beginning database design :
Remainder of title from novice to professional /
Statement of responsibility, etc. Clare Churcher.
250 ## - EDITION STATEMENT
Edition statement Second edition.
260 ## - PUBLICATION, DISTRIBUTION, ETC.
Place of publication, distribution, etc. New York
Name of publisher, distributor, etc. Apress
Date of publication, distribution, etc. 2012
300 ## - PHYSICAL DESCRIPTION
Extent xxv, 225 pages :
Other physical details illustrations ;
Dimensions 24 cm
650 #0 - SUBJECT ADDED ENTRY--TOPICAL TERM
Topical term or geographic name entry element Database design.
650 #0 - SUBJECT ADDED ENTRY--TOPICAL TERM
Topical term or geographic name entry element Data structures (Computer science)
942 ## - ADDED ENTRY ELEMENTS (KOHA)
Source of classification or shelving scheme Library of Congress Classification
Koha item type Books
Edition 2nd Ed.
Suppress in OPAC No
999 ## -
-- 925
-- 925
Holdings
Withdrawn status Lost status Source of classification or shelving scheme Damaged status Not for loan Collection Home library Current library Shelving location Date acquired Total checkouts Full call number Barcode Date last seen Copy number Price effective from Koha item type
    Library of Congress Classification     Non-fiction Science Library (Miotso) Science Library (Miotso) General stacks 11/08/2024   QA76.9 .D26C48 CHU SLM00000520 11/08/2024 1 11/08/2024 Books
    Library of Congress Classification     Non-fiction Science Library (Miotso) Science Library (Miotso) General stacks 11/08/2024   QA76.9 .D26C48 CHU SLM00000521 11/08/2024 2 11/08/2024 Books
    Library of Congress Classification     Non-fiction Science Library (Miotso) Science Library (Miotso) General stacks 11/08/2024   QA76.9 .D26C48 CHU SLM00000522 11/08/2024 3 11/08/2024 Books
    Library of Congress Classification     Non-fiction Science Library (Miotso) Science Library (Miotso) General stacks 11/08/2024   QA76.9 .D26C48 CHU SLM00000523 11/08/2024 4 11/08/2024 Books
    Library of Congress Classification     Non-fiction Science Library (Miotso) Science Library (Miotso) General stacks 11/08/2024   QA76.9 .D26C48 CHU SLM00000524 11/08/2024 5 11/08/2024 Books
© 2023-2024 Copyright: Central University Libraries. All Rights Reserved | Created by: Mahone Tech Office